000 00760nam a2200253Ia 4500
003 OSt
005 20221006141639.0
006 a|||||r|||| 00| 0
007 ta
008 221006b |||||||| |||| 00| 0 eng d
020 _a0313255482
_c£32.95
024 _a3,695
037 _cTextual
040 _aEASL
_cEASL
_beng
041 _2eng
_aeng
082 _a2.41a, M8
100 _aWEI Karen T Co.
_9645956
245 0 _aLibrary and Information Science in China
_b An annotated bibliography
260 _aNew York
_bGreenwood Press
_c1988
300 _a273p.
_ccm.
490 _v BB
_aBibliographies and Indexes in Library and Information Science, No. 3
942 _h2.41a, M8
_cTEXL
_2CC
999 _c1071781
_d1071781